000 00359nam a2200169Ia 4500
003 0STCL
008 150530s9999 xx 000 0 und d
040 _aSTCL
_cSTCL
100 _aWilson, E.B.
245 _aAdvanced calculus
250 _aSecond
260 _c1912
546 _aEnglish
942 _2ddc
_cBK
999 _c23522
_d23522
005 20220125165956.0